000 01690cam a2200229 4500
001 ##L134814
008 060904n2006 000 0 eng u
035 _a(Sirsi) u134814
041 0 _aeng
050 0 4 _a333.714 $2 22
110 1 _aUnited Kingdom
_bDepartment for Communities and Local Government
_94939
245 0 0 _aPlanning for the protection of European sites
_bappropriate assessment under the Conservation (Natural Habitats, &C) (Amendment) (England and Wales) Regulations 2006
_bguidance for Regional Spatial Strategies and Local Development Documents
260 _aLondon
_bDCLG
_c2006
520 _aProvides draft guidance to Regional Planning Bodies and Local Planning Authorities on how to carry out Appropriate Assessment (AA) for the protection of European sites. The European Community sites of exceptional importance in respect of rare, endangered or vulnerable natural habitats or species consist of Special Areas of Conservation, Special Protection Areas and Offshore Marine Site (none as yet designated). The purpose of AA of land use plans is to ensure that protection of the integrity of European sites is part of the planning process at regional and local level. Responses are required no later than 31 October 2006.
590 _aIKA050906
650 2 4 _aCONSERVATION (NATURAL HABITATS, &C) (AMENDMENT) (ENGLAND AND WALES) REGULATIONS 2006
650 2 4 _aDIRECTIVE 92/43/EEC
651 4 _aEngland and Wales
_y1543-
690 _aENVIRONMENTAL AND LAND CONSULTANCY-ENVIRONMENTAL MANAGEMENT-ENVIRONMENTAL ASSESSMENT
856 4 0 _uhttps://www.communities.gov.uk/index.asp?id=1502244
_zView the guidance free of charge at www.communities.gov.uk...
942 _n0
999 _c105809
_d105809